000
00239 a2200109 4500
001
41732
082
_a
003.5 LOR
090
_c
25849
_d
25849
100
_a
Loreti,P
245
_a
Fourier series in control theory
260
_a
USA
_b
Springer
942
_a
NUST-CAE
_k
003.5 LOR
999
_c
276805
_d
276805